书目信息 |
| 题名: |
数学聊斋
|
|
| 作者: | 王树和, 著 | |
| 分册: | ||
| 出版信息: | 北京 科学出版社 2008.08 |
|
| 页数: | 233页 | |
| 开本: | 21cm | |
| 丛书名: | 好玩的数学·普及版 | |
| 单 册: | ||
| 中图分类: | O1-49 | |
| 科图分类: | ||
| 主题词: | 数学--Shu Xue--普及读物 | |
| 电子资源: | ||
| ISBN: | 978-7-03-021840-7 | |
| 000 | 00790nam 2200253 450 | |
| 001 | 009545 | |
| 005 | 20100630120831.35 | |
| 010 | @a978-7-03-021840-7@dCNY22.00 | |
| 100 | @a20100515d2008 em y0chiy0121 ea | |
| 101 | 0 | @achi |
| 102 | @aCN@b110000 | |
| 105 | @aa a 000yy | |
| 200 | 1 | @a数学聊斋@AShu Xue Liao Zhai@f王树和著 |
| 210 | @a北京@c科学出版社@d2008.08 | |
| 215 | @a233页@c图@d21cm | |
| 225 | 2 | @a好玩的数学·普及版@AHao Wan De Shu Xue · Pu Ji Ban |
| 320 | @a有书目 (第233页) | |
| 330 | @a本书对算术、几何和图论当中的上百个十分重要、十分动人的问题进行趣味的另类解答。 | |
| 410 | 0 | @12001 @a好玩的数学·普及版 |
| 606 | 0 | @a数学@AShu Xue@j普及读物 |
| 690 | @aO1-49@v4 | |
| 701 | 0 | @a王树和, @AWang Shu He, @f1938- @4著 |
| 801 | 0 | @c20100515 |
| 905 | @dO1-49@eW350-2@f3 | |
| 数学聊斋/王树和著.-北京:科学出版社,2008.08 |
| 233页:图;21cm.-(好玩的数学·普及版) |
| ISBN 978-7-03-021840-7:CNY22.00 |
| 本书对算术、几何和图论当中的上百个十分重要、十分动人的问题进行趣味的另类解答。 |
| ● |
| 相关链接 |
|
|
|
正题名:数学聊斋
索取号:O1-49/W350-2
 
预约/预借
| 序号 | 登录号 | 条形码 | 馆藏地/架位号 | 状态 | 备注 |
| 1 | 989314 | 209893141 | 自科库401/401自科库 105排5列3层/ [索取号:O1-49/W350-2] | 在馆 | |
| 2 | 989315 | 209893150 | 自科库401/401自科库 105排5列3层/ [索取号:O1-49/W350-2] | 在馆 | |
| 3 | 989316 | 209893169 | 自科库401/401自科库 105排5列3层/ [索取号:O1-49/W350-2] | 在馆 |